000
00215nam a2200097Ia 4500
008
120527s9999 xx 000 0 und d
100
_a
RAVEN, et al
245
_a
Biology of plants
260
_b
W.H Free
942
_c
BK
999
_c
25592
_d
25592